Casos prc̀ticos del ISR para Personas Fs̕icas con actividades empresariales 2016

Bibliographic Details
Main Author: Luna Guerra, Antonio
Format: Book
Language:Spanish
Published: Mx̌ico Ediciones Fiscales ISEF 2016
Subjects:
Online Access:Acceso restringido

MARC

LEADER 00000nam a22000007a 4500
005 20160202101827.0
007 cr|||| ||u|
008 160202s2016 mx ||||| |||| 00||0 spa d
020 |a 978-607-406-795-8 
035 |a 13064 
040 |a vLex 
090 |c 5874  |d 5874 
100 1 |a Luna Guerra, Antonio 
245 1 0 |a Casos prc̀ticos del ISR para Personas Fs̕icas con actividades empresariales 2016  |h Recurso electrn̤ico] /  |c Antonio Luna Guerra  
256 |a Servicio en ln̕ea  
260 |a Mx̌ico   |b Ediciones Fiscales ISEF  |c 2016  
300 |a 1 recurso electrn̤ico (9ð edicin̤ 123 pg̀s)  
506 1 |a Contenido solo disponible en los productos indicados   |d vLex Global  |d vLex Global (Academic Edition, excluding Law Schools)  |d vLex Global (U.S. Academic Edition, Law Schools)  |d vLex Global (U.S. Academic Edition, excluding Law Schools)  |d vLex Global (Academic Edition, Law Schools) 
650 0 4 |a Derecho  |z Mx̌ico  
740 0 |a vLex libros (servicio en ln̕ea)  
856 4 0 |u http://vlex.com/source/casos-practicos-isr-personas-fisicas-actividades-empresariales-2016-13064  |z Acceso restringido  
942 |c BOOK 
999 0 |a Law